Statistics for Nobel... or No Nobel?

Click here to take the quiz!

General Stats

  • This quiz has been taken 105 times
  • The average score is 13 of 20

Answer Stats

QuestionAnswer% Correct
Nelson MandelaNobel
94%
Marie CurieNobel
94%
Albert EinsteinNobel
84%
Mark TwainNo Nobel
77%
Barack ObamaNobel
75%
Mother TeresaNobel
74%
Eleanor RooseveltNo Nobel
69%
Yasser ArafatNobel
68%
Thomas EdisonNo Nobel
68%
Leo TolstoyNo Nobel
67%
Bob DylanNobel
66%
Nikola TeslaNo Nobel
66%
Henry KissingerNobel
57%
Martin Luther King, Jr.Nobel
55%
Dmitri MendeleevNo Nobel
54%
Linus PaulingNobel
53%
Jimmy CarterNobel
52%
Mahatma GandhiNo Nobel
48%
Edwin HubbleNo Nobel
46%
Stephen HawkingNo Nobel
43%

Score Distribution

Percentile by Number Answered

Percent of People with Each Score

Your Score History

You have not taken this quiz